[Event "Campionat de Catalunya 2021 Sub 10-14"]
[Site "Salou"]
[Date "2021.03.29"]
[Round "5.1"]
[White "Ribera Veganzones, Serni"]
[Black "Domene Mulyukov, Alexander"]
[Result "1-0"]
[WhiteFideId "6900860"]
[BlackFideId "24589802"]
[WhiteElo "2010"]
[BlackElo "2023"]

1. e4 {[%clk 01:30:53]} {[%emt 00:00:06]} c5 {[%clk 01:30:58]} {[%emt
00:00:03]} 2. Nf3 {[%clk 01:31:12]} {[%emt 00:00:11]} e6 {[%clk 01:31:24]}
{[%emt 00:00:04]} 3. b3 {[%clk 01:31:32]} {[%emt 00:00:10]} d6 {[%clk
01:30:49]} {[%emt 00:01:06]} 4. Bb5+ {[%clk 01:30:29]} {[%emt 00:01:32]} Nc6
{[%clk 01:30:36]} {[%emt 00:00:43]} 5. Bb2 {[%clk 01:29:04]} {[%emt 00:01:55]}
e5 {[%clk 01:29:15]} {[%emt 00:01:52]} 6. O-O {[%clk 01:28:08]} {[%emt
00:01:26]} Nf6 {[%clk 01:28:40]} {[%emt 00:01:05]} 7. Re1 {[%clk 01:28:08]}
{[%emt 00:00:30]} Qb6 {[%clk 01:21:16]} {[%emt 00:07:55]} 8. Na3 {[%clk
01:25:34]} {[%emt 00:03:04]} a6 {[%clk 01:17:44]} {[%emt 00:04:02]} 9. Bf1
{[%clk 01:15:41]} {[%emt 00:10:23]} Be7 {[%clk 01:16:45]} {[%emt 00:01:29]} 10.
h3 {[%clk 01:15:49]} {[%emt 00:00:22]} Be6 {[%clk 01:15:38]} {[%emt 00:01:37]}
11. c3 {[%clk 01:16:05]} {[%emt 00:00:13]} O-O {[%clk 01:14:17]} {[%emt
00:01:51]} 12. d4 {[%clk 01:14:55]} {[%emt 00:01:40]} cxd4 {[%clk 01:11:12]}
{[%emt 00:03:36]} 13. cxd4 {[%clk 01:15:14]} {[%emt 00:00:11]} exd4 {[%clk
01:11:20]} {[%emt 00:00:21]} 14. Nxd4 {[%clk 01:15:22]} {[%emt 00:00:22]} Nxd4
{[%clk 01:04:46]} {[%emt 00:07:05]} 15. Bxd4 {[%clk 01:15:12]} {[%emt
00:00:39]} Qb4 {[%clk 01:05:03]} {[%emt 00:00:14]} 16. Nc4 {[%clk 01:09:24]}
{[%emt 00:06:18]} Bxc4 {[%clk 00:59:01]} {[%emt 00:06:31]} 17. Bxc4 {[%clk
01:08:24]} {[%emt 00:01:30]} Rfd8 {[%clk 00:56:06]} {[%emt 00:03:26]} 18. a3
{[%clk 00:58:58]} {[%emt 00:09:57]} Qa5 {[%clk 00:56:15]} {[%emt 00:00:20]} 19.
b4 {[%clk 00:58:42]} {[%emt 00:00:46]} Qg5 {[%clk 00:54:27]} {[%emt 00:02:18]}
20. Qb3 {[%clk 00:45:43]} {[%emt 00:13:30]} Rf8 {[%clk 00:45:24]} {[%emt
00:09:32]} 21. Qf3 {[%clk 00:38:01]} {[%emt 00:08:12]} Rac8 {[%clk 00:40:24]}
{[%emt 00:05:30]} 22. Bb3 {[%clk 00:35:26]} {[%emt 00:03:05]} Nd7 {[%clk
00:39:42]} {[%emt 00:01:13]} 23. Bd5 {[%clk 00:33:39]} {[%emt 00:02:17]} Rc7
{[%clk 00:39:11]} {[%emt 00:01:01]} 24. Be3 {[%clk 00:29:19]} {[%emt 00:04:50]}
Qg6 {[%clk 00:33:50]} {[%emt 00:05:52]} 25. Rac1 {[%clk 00:27:36]} {[%emt
00:02:10]} Ne5 {[%clk 00:22:23]} {[%emt 00:11:58]} 26. Qe2 {[%clk 00:26:33]}
{[%emt 00:01:32]} Nc6 {[%clk 00:17:56]} {[%emt 00:04:59]} 27. Rc2 {[%clk
00:23:18]} {[%emt 00:03:45]} Bg5 {[%clk 00:15:33]} {[%emt 00:02:53]} 28. f4
{[%clk 00:18:19]} {[%emt 00:05:29]} Bh6 {[%clk 00:13:31]} {[%emt 00:02:32]} 29.
Rec1 {[%clk 00:15:09]} {[%emt 00:03:40]} Rfc8 {[%clk 00:11:50]} {[%emt
00:02:10]} 30. Qd2 {[%clk 00:14:19]} {[%emt 00:01:20]} Qg3 {[%clk 00:11:22]}
{[%emt 00:00:58]} 31. Qf2 {[%clk 00:14:18]} {[%emt 00:00:31]} Qg6 {[%clk
00:10:47]} {[%emt 00:01:04]} 32. a4 {[%clk 00:14:34]} {[%emt 00:00:16]} Qh5
{[%clk 00:05:07]} {[%emt 00:06:10]} 33. b5 {[%clk 00:12:04]} {[%emt 00:03:01]}
g6 {[%clk 00:04:45]} {[%emt 00:00:51]} 34. bxc6 {[%clk 00:12:29]} {[%emt
00:00:06]} bxc6 {[%clk 00:05:06]} {[%emt 00:00:08]} 35. Rxc6 {[%clk 00:10:57]}
{[%emt 00:02:01]} Rxc6 {[%clk 00:05:09]} {[%emt 00:00:27]} 36. Rxc6 {[%clk
00:10:46]} {[%emt 00:00:42]} Rb8 {[%clk 00:05:01]} {[%emt 00:00:38]} 37. Qc2
{[%clk 00:09:48]} {[%emt 00:01:24]} Bf8 {[%clk 00:04:26]} {[%emt 00:01:08]} 38.
Rc7 {[%clk 00:09:16]} {[%emt 00:01:02]} Qh4 {[%clk 00:03:39]} {[%emt 00:01:16]}
39. Bf2 {[%clk 00:09:11]} {[%emt 00:00:35]} Qf6 {[%clk 00:03:42]} {[%emt
00:00:27]} 40. Rxf7 {[%clk 00:08:50]} {[%emt 00:00:51]} Qa1+ {[%clk 00:03:56]}
{[%emt 00:00:16]} 41. Kh2 {[%clk 00:09:07]} {[%emt 00:00:11]} Kh8 {[%clk
00:04:23]} {[%emt 00:00:05]} 42. Qc7 {[%clk 00:08:31]} {[%emt 00:01:05]} Qb2
{[%clk 00:00:34]} {[%emt 00:04:20]} 43. Rxh7# {[%clk 00:08:47]} {[%emt
00:00:13]} 1-0

[Event "Campionat de Catalunya 2021 Sub 10-14"]
[Site "Salou"]
[Date "2021.03.29"]
[Round "5.2"]
[White "Pinyol i Llora, Julia"]
[Black "Ano Pla, Gerard"]
[Result "1/2-1/2"]
[WhiteFideId "24596027"]
[BlackFideId "24560561"]
[WhiteElo "1607"]
[BlackElo "1975"]

1. d4 {[%clk 01:30:41]} {[%emt 00:00:18]} Nf6 {[%clk 01:30:56]} {[%emt
00:00:05]} 2. c4 {[%clk 01:31:04]} {[%emt 00:00:07]} e6 {[%clk 01:31:22]}
{[%emt 00:00:05]} 3. Nf3 {[%clk 01:31:20]} {[%emt 00:00:14]} b6 {[%clk
01:31:43]} {[%emt 00:00:09]} 4. g3 {[%clk 01:31:43]} {[%emt 00:00:06]} Ba6
{[%clk 01:32:08]} {[%emt 00:00:06]} 5. b3 {[%clk 01:31:56]} {[%emt 00:00:16]}
Bb4+ {[%clk 01:32:33]} {[%emt 00:00:06]} 6. Bd2 {[%clk 01:32:17]} {[%emt
00:00:09]} Be7 {[%clk 01:32:58]} {[%emt 00:00:05]} 7. Bg2 {[%clk 01:32:40]}
{[%emt 00:00:07]} c6 {[%clk 01:33:24]} {[%emt 00:00:04]} 8. O-O {[%clk
01:32:22]} {[%emt 00:00:47]} O-O {[%clk 01:33:50]} {[%emt 00:00:05]} 9. Ne5
{[%emt 00:00:15]} d5 {[%clk 01:34:06]} {[%emt 00:00:12]} 10. Bc3 {[%clk
01:33:04]} {[%emt 00:00:05]} Nfd7 {[%clk 01:33:57]} {[%emt 00:00:38]} 11. Nxd7
{[%clk 01:33:18]} {[%emt 00:00:16]} Nxd7 {[%clk 01:34:18]} {[%emt 00:00:10]} 12.
Nd2 {[%emt 00:00:56]} f5 {[%clk 01:33:53]} {[%emt 00:00:52]} 13. Re1 {[%clk
01:30:12]} {[%emt 00:03:12]} Nf6 {[%clk 01:31:04]} {[%emt 00:03:20]} 14. Bb2
{[%clk 01:24:58]} {[%emt 00:05:44]} Bd6 {[%clk 01:28:54]} {[%emt 00:02:40]} 15.
e3 {[%clk 01:24:05]} {[%emt 00:01:21]} h5 {[%clk 01:10:13]} {[%emt 00:19:13]}
16. a4 {[%clk 01:19:34]} {[%emt 00:05:01]} h4 {[%clk 01:09:08]} {[%emt
00:01:35]} 17. Ba3 {[%clk 01:19:35]} {[%emt 00:00:29]} hxg3 {[%clk 01:09:28]}
{[%emt 00:00:09]} 18. hxg3 {[%clk 01:19:15]} {[%emt 00:00:49]} Ne4 {[%clk
01:02:40]} {[%emt 00:07:19]} 19. Nxe4 {[%clk 01:16:27]} {[%emt 00:03:18]} fxe4
{[%clk 01:02:51]} {[%emt 00:00:20]} 20. Qc2 {[%clk 01:13:11]} {[%emt 00:03:46]}
Bxa3 {[%clk 00:59:44]} {[%emt 00:03:37]} 21. Rxa3 {[%clk 01:13:36]} {[%emt
00:00:05]} Qd6 {[%clk 00:59:56]} {[%emt 00:00:17]} 22. Ra2 {[%clk 01:13:12]}
{[%emt 00:00:51]} Rac8 {[%clk 00:59:58]} {[%emt 00:00:31]} 23. a5 {[%clk
01:11:40]} {[%emt 00:02:01]} b5 {[%clk 00:59:39]} {[%emt 00:00:49]} 24. c5
{[%clk 01:11:38]} {[%emt 00:00:32]} Qe7 {[%clk 00:59:57]} {[%emt 00:00:12]} 25.
b4 {[%clk 01:11:58]} {[%emt 00:00:11]} Rf6 {[%clk 00:59:55]} {[%emt 00:00:32]}
26. Rf1 {[%clk 01:09:23]} {[%emt 00:03:03]} Rcf8 {[%clk 00:56:03]} {[%emt
00:04:23]} 27. Qe2 {[%clk 01:06:52]} {[%emt 00:03:01]} Rf3 {[%clk 00:50:08]}
{[%emt 00:06:26]} 28. Bxf3 {[%clk 00:56:08]} {[%emt 00:11:13]} exf3 {[%clk
00:50:29]} {[%emt 00:00:09]} 29. Qd3 {[%clk 00:53:15]} {[%emt 00:03:22]} Qg5
{[%clk 00:50:51]} {[%emt 00:00:09]} 30. Re1 {[%clk 00:50:39]} {[%emt 00:03:07]}
Qh5 {[%clk 00:51:11]} {[%emt 00:00:10]} 31. e4 {[%clk 00:50:00]} {[%emt
00:01:08]} Rf6 {[%clk 00:51:13]} {[%emt 00:00:29]} 32. Ra3 {[%clk 00:49:58]}
{[%emt 00:00:31]} Qh3 {[%clk 00:37:24]} {[%emt 00:14:19]} 33. Qf1 {[%clk
00:50:23]} {[%emt 00:00:06]} Qg4 {[%clk 00:37:36]} {[%emt 00:00:19]} 34. Qd3
{[%clk 00:45:17]} {[%emt 00:05:36]} Rf4 {[%clk 00:27:49]} {[%emt 00:10:17]} 35.
exd5 {[%clk 00:37:07]} {[%emt 00:08:39]} cxd5 {[%clk 00:27:35]} {[%emt
00:00:44]} 36. c6 {[%clk 00:34:30]} {[%emt 00:03:07]} Bc8 {[%clk 00:24:58]}
{[%emt 00:03:07]} 37. c7 {[%clk 00:30:55]} {[%emt 00:04:05]} a6 {[%clk
00:24:03]} {[%emt 00:01:25]} 38. Rc3 {[%clk 00:28:33]} {[%emt 00:02:52]} Rxd4
{[%clk 00:23:01]} {[%emt 00:01:32]} 39. Qxf3 {[%clk 00:28:51]} {[%emt
00:00:11]} Qxf3 {[%clk 00:22:59]} {[%emt 00:00:33]} 40. Rxf3 {[%clk 00:29:17]}
{[%emt 00:00:05]} Rc4 {[%clk 00:22:53]} {[%emt 00:00:36]} 41. Ree3 {[%clk
00:28:26]} {[%emt 00:01:21]} Rxc7 {[%clk 00:17:09]} {[%emt 00:06:15]} 42. Rc3
{[%clk 00:28:01]} {[%emt 00:00:54]} Rc4 {[%clk 00:17:14]} {[%emt 00:00:25]} 43.
Rxc4 {[%clk 00:28:07]} {[%emt 00:00:24]} bxc4 {[%clk 00:17:37]} {[%emt
00:00:07]} 44. Kf1 {[%clk 00:26:22]} {[%emt 00:02:13]} e5 {[%clk 00:17:25]}
{[%emt 00:00:43]} 45. Re3 {[%clk 00:22:57]} {[%emt 00:03:54]} e4 {[%clk
00:15:03]} {[%emt 00:02:54]} 46. Ke1 {[%clk 00:21:30]} {[%emt 00:01:56]} Kf7
{[%clk 00:07:27]} {[%emt 00:08:06]} 47. Kd2 {[%clk 00:20:06]} {[%emt 00:01:54]}
Kf6 {[%clk 00:03:00]} {[%emt 00:04:57]} 48. Kc3 {[%emt 00:01:24]} Ke5 {[%emt
00:00:01]} 1/2-1/2

[Event "Campionat de Catalunya 2021 Sub 10-14"]
[Site "Salou"]
[Date "2021.03.29"]
[Round "5.3"]
[White "Iborra Polo, Eric"]
[Black "Fernandez Climent, Albert"]
[Result "0-1"]
[WhiteFideId "54565740"]
[BlackFideId "24599166"]
[WhiteElo "1770"]
[BlackElo "1765"]

1. e4 {[%clk 01:30:52]} {[%emt 00:00:13]} c5 {[%emt 00:00:20]} 2. Nf3 {[%emt
00:00:12]} Nc6 {[%emt 00:01:43]} 3. Bb5 {[%emt 00:00:55]} Qb6 {[%emt 00:01:44]}
4. Bxc6 {[%emt 00:00:07]} Qxc6 {[%emt 00:02:37]} 5. Nc3 {[%emt 00:06:27]} Nf6
{[%emt 00:02:10]} 6. Qe2 {[%emt 00:02:01]} e6 {[%clk 01:21:51]} {[%emt
00:00:49]} 7. d4 Be7 {[%emt 00:03:43]} 8. O-O {[%emt 00:03:52]} d5 {[%emt
00:01:04]} 9. exd5 {[%clk 01:22:00]} {[%emt 00:00:16]} Nxd5 10. Nxd5 {[%emt
00:01:24]} Qxd5 {[%emt 00:03:18]} 11. Rd1 {[%emt 00:04:08]} c4 {[%emt
00:02:44]} 12. Ne5 {[%emt 00:00:31]} b5 {[%emt 00:07:42]} 13. Qg4 {[%emt
00:03:03]} O-O {[%emt 00:04:35]} 14. Qg3 {[%clk 00:53:32]} {[%emt 00:03:39]}
Kh8 15. Ng4 {[%emt 00:15:19]} Bb7 {[%emt 00:05:16]} 16. Ne3 {[%clk 00:45:47]}
{[%emt 00:08:45]} Qd8 {[%emt 00:03:04]} 17. c3 {[%emt 00:02:02]} Bd6 {[%clk
00:52:37]} {[%emt 00:02:07]} 18. f4 {[%clk 00:44:13]} {[%emt 00:06:42]} Qf6
{[%clk 00:49:49]} {[%emt 00:02:31]} 19. Rf1 {[%emt 00:14:16]} Qg6 {[%emt
00:03:03]} 20. Qf2 {[%emt 00:06:12]} f6 {[%clk 00:32:14]} {[%emt 00:00:19]} 21.
f5 {[%emt 00:02:14]} Qh5 {[%emt 00:04:14]} 22. h3 {[%emt 00:00:29]} e5 {[%emt
00:03:25]} 23. dxe5 {[%clk 00:31:32]} {[%emt 00:02:05]} Bxe5 {[%clk 00:31:02]}
{[%emt 00:00:12]} 24. Ng4 {[%clk 00:30:30]} {[%emt 00:01:32]} Bc7 {[%clk
00:30:43]} {[%emt 00:00:49]} 25. Bf4 {[%emt 00:03:34]} Bb6 {[%clk 00:28:19]}
{[%emt 00:00:02]} 26. Be3 {[%emt 00:01:11]} Bxe3 {[%clk 00:28:07]} {[%emt
00:00:08]} 27. Nxe3 {[%clk 00:30:10]} {[%emt 00:00:31]} Rfe8 {[%emt 00:03:11]}
28. Rad1 {[%clk 00:26:51]} {[%emt 00:03:04]} Re7 29. Nc2 {[%emt 00:03:57]} Re2
{[%emt 00:01:33]} 30. g4 {[%emt 00:00:19]} Rxf2 {[%clk 00:24:06]} {[%emt
00:00:01]} 31. gxh5 {[%clk 00:26:20]} {[%emt 00:00:13]} Rg2+ {[%clk 00:24:57]}
32. Kh1 Rxc2+ 0-1

[Event "Campionat de Catalunya 2021 Sub 10-14"]
[Site "Salou"]
[Date "2021.03.29"]
[Round "5.4"]
[White "Lazaro Del Arco, Martina"]
[Black "Salinas Tomas, Daniel"]
[Result "0-1"]
[WhiteFideId "54567963"]
[BlackFideId "24597716"]
[WhiteElo "1383"]
[BlackElo "2024"]

1. e4 {[%clk 01:30:59]} c5 {[%clk 01:30:55]} {[%emt 00:00:06]} 2. Nc3 {[%clk
01:31:18]} {[%emt 00:00:10]} e6 {[%clk 01:30:54]} {[%emt 00:00:31]} 3. Bc4
{[%clk 01:30:24]} {[%emt 00:01:24]} Nc6 {[%clk 01:30:47]} {[%emt 00:00:38]} 4.
d3 {[%clk 01:28:41]} {[%emt 00:02:12]} Na5 {[%clk 01:30:18]} {[%emt 00:01:00]}
5. Bb3 {[%clk 01:26:39]} {[%emt 00:02:32]} Nxb3 {[%clk 01:30:20]} {[%emt
00:00:28]} 6. axb3 {[%clk 01:26:50]} {[%emt 00:00:19]} d5 {[%clk 01:29:31]}
{[%emt 00:01:19]} 7. Nf3 {[%clk 01:23:39]} {[%emt 00:03:41]} dxe4 {[%clk
01:25:31]} {[%emt 00:04:31]} 8. Nxe4 {[%clk 01:23:17]} {[%emt 00:00:52]} Nf6
{[%clk 01:20:58]} {[%emt 00:05:03]} 9. O-O {[%clk 01:18:02]} {[%emt 00:05:45]}
Be7 {[%clk 01:19:58]} {[%emt 00:01:30]} 10. Be3 {[%clk 01:14:48]} {[%emt
00:03:43]} b6 {[%clk 01:16:58]} {[%emt 00:03:30]} 11. h3 {[%clk 01:10:57]}
{[%emt 00:04:21]} Bb7 {[%clk 01:16:50]} {[%emt 00:00:37]} 12. Ng3 {[%clk
01:07:54]} {[%emt 00:03:33]} O-O {[%clk 01:15:50]} {[%emt 00:01:29]} 13. Qe2
{[%clk 01:05:40]} {[%emt 00:02:45]} Qc7 {[%clk 01:13:43]} {[%emt 00:02:37]} 14.
Rfd1 {[%clk 01:01:09]} {[%emt 00:05:01]} Bd6 {[%clk 01:09:56]} {[%emt
00:04:18]} 15. Nf1 {[%clk 00:51:29]} {[%emt 00:10:09]} e5 {[%clk 01:07:55]}
{[%emt 00:02:31]} 16. N1d2 {[%clk 00:45:47]} {[%emt 00:06:12]} Rfe8 {[%clk
01:05:57]} {[%emt 00:02:28]} 17. Nc4 {[%clk 00:43:06]} {[%emt 00:03:11]} Nd5
{[%clk 01:03:43]} {[%emt 00:02:44]} 18. Nxd6 {[%clk 00:42:38]} {[%emt
00:00:59]} Qxd6 {[%clk 01:03:59]} {[%emt 00:00:13]} 19. Nd2 {[%clk 00:38:11]}
{[%emt 00:04:56]} Qg6 {[%clk 00:58:58]} {[%emt 00:05:31]} 20. Ne4 {[%clk
00:35:47]} {[%emt 00:02:55]} f5 {[%clk 00:57:18]} {[%emt 00:02:11]} 21. Nc3
{[%clk 00:32:19]} {[%emt 00:03:57]} Nf4 {[%clk 00:56:59]} {[%emt 00:00:49]} 22.
Qf1 {[%clk 00:29:35]} {[%emt 00:03:13]} Bxg2 {[%clk 00:57:16]} {[%emt
00:00:12]} 23. Qe1 {[%clk 00:28:05]} {[%emt 00:02:01]} Bxh3+ {[%clk 00:57:37]}
{[%emt 00:00:10]} 24. Kh1 {[%clk 00:27:33]} {[%emt 00:01:02]} Qg2# {[%emt
00:00:06]} 0-1

[Event "Campionat de Catalunya 2021 Sub 10-14"]
[Site "Salou"]
[Date "2021.03.29"]
[Round "5.5"]
[White "Linca Linca, Felix Antonio"]
[Black "Mompel Ferruz, Xavier"]
[Result "1/2-1/2"]
[WhiteFideId "54764998"]
[BlackFideId "54585775"]
[WhiteElo "1305"]
[BlackElo "1721"]

1. e4 {[%clk 01:30:51]} {[%emt 00:00:09]} c5 {[%clk 01:30:51]} {[%emt
00:00:09]} 2. Nf3 {[%clk 01:31:03]} {[%emt 00:00:17]} d6 {[%clk 01:31:17]}
{[%emt 00:00:05]} 3. d4 {[%clk 01:30:25]} {[%emt 00:01:08]} cxd4 {[%clk
01:31:37]} {[%emt 00:00:09]} 4. Nxd4 {[%clk 01:30:16]} {[%emt 00:00:39]} Nf6
{[%clk 01:31:53]} {[%emt 00:00:14]} 5. Nc3 {[%clk 01:30:04]} {[%emt 00:00:43]}
a6 {[%clk 01:32:07]} {[%emt 00:00:16]} 6. h3 {[%clk 01:29:54]} {[%emt
00:00:39]} e5 {[%clk 01:30:13]} {[%emt 00:02:24]} 7. Nde2 {[%clk 01:29:19]}
{[%emt 00:01:06]} h6 {[%clk 01:29:10]} {[%emt 00:01:33]} 8. g4 {[%clk
01:28:34]} {[%emt 00:01:15]} Be7 {[%clk 01:27:08]} {[%emt 00:02:32]} 9. Bg2
{[%clk 01:27:30]} {[%emt 00:01:34]} O-O {[%clk 01:26:09]} {[%emt 00:01:29]} 10.
O-O {[%clk 01:26:31]} {[%emt 00:01:29]} b5 {[%clk 01:24:01]} {[%emt 00:02:38]}
11. a3 {[%clk 01:25:35]} {[%emt 00:01:26]} Nbd7 {[%clk 01:22:30]} {[%emt
00:02:00]} 12. Ng3 {[%clk 01:24:43]} {[%emt 00:01:22]} Nb6 {[%clk 01:18:25]}
{[%emt 00:04:36]} 13. f4 {[%clk 01:22:24]} {[%emt 00:02:49]} Nc4 {[%clk
01:12:27]} {[%emt 00:06:27]} 14. g5 {[%clk 01:18:24]} {[%emt 00:04:30]} hxg5
{[%clk 01:09:56]} {[%emt 00:03:01]} 15. fxg5 {[%clk 01:17:48]} {[%emt
00:01:05]} Nh7 {[%clk 00:59:42]} {[%emt 00:10:45]} 16. h4 {[%clk 01:15:49]}
{[%emt 00:02:29]} Be6 {[%clk 00:54:37]} {[%emt 00:05:35]} 17. Nd5 {[%clk
01:13:02]} {[%emt 00:03:17]} g6 {[%clk 00:48:05]} {[%emt 00:07:01]} 18. Nxe7+
{[%clk 01:10:16]} {[%emt 00:03:15]} Qxe7 {[%clk 00:48:29]} {[%emt 00:00:08]} 19.
Nf5 {[%clk 01:08:58]} {[%emt 00:01:48]} Bxf5 {[%clk 00:36:52]} {[%emt
00:12:07]} 20. exf5 {[%clk 01:07:59]} {[%emt 00:01:28]} Rad8 {[%clk 00:35:26]}
{[%emt 00:01:57]} 21. b3 {[%clk 01:07:02]} {[%emt 00:01:28]} Qa7+ {[%clk
00:33:05]} {[%emt 00:02:50]} 22. Kh2 {[%clk 01:05:26]} {[%emt 00:02:06]} Ne3
{[%clk 00:32:14]} {[%emt 00:01:21]} 23. Bxe3 {[%clk 01:03:23]} {[%emt
00:02:32]} Qxe3 {[%clk 00:32:38]} {[%emt 00:00:07]} 24. Qd5 {[%clk 01:03:19]}
{[%emt 00:00:34]} Kh8 {[%clk 00:28:48]} {[%emt 00:04:20]} 25. Rae1 {[%clk
01:00:46]} {[%emt 00:03:02]} Qb6 {[%clk 00:27:08]} {[%emt 00:02:10]} 26. Be4
{[%clk 00:59:20]} {[%emt 00:01:56]} Rc8 {[%clk 00:18:56]} {[%emt 00:08:43]} 27.
fxg6 {[%clk 00:58:53]} {[%emt 00:00:56]} fxg6 {[%clk 00:19:13]} {[%emt
00:00:14]} 28. Rf7 {[%clk 00:58:14]} {[%emt 00:01:09]} Rxf7 {[%clk 00:18:58]}
{[%emt 00:00:44]} 29. Qxf7 {[%clk 00:57:22]} {[%emt 00:01:22]} Rf8 {[%clk
00:19:18]} {[%emt 00:00:11]} 30. Qxg6 {[%clk 00:57:23]} {[%emt 00:00:29]} Qf2+
{[%clk 00:18:22]} {[%emt 00:01:26]} 31. Kh3 {[%clk 00:57:25]} {[%emt 00:00:28]}
Rf3+ {[%clk 00:14:19]} {[%emt 00:04:33]} 32. Bxf3 {[%clk 00:57:13]} {[%emt
00:00:42]} Qxf3+ {[%clk 00:14:40]} {[%emt 00:00:10]} 33. Kh2 {[%clk 00:57:29]}
{[%emt 00:00:14]} Qf2+ {[%clk 00:14:38]} {[%emt 00:00:32]} 34. Kh3 {[%clk
00:57:47]} {[%emt 00:00:13]} Qf3+ {[%clk 00:13:32]} {[%emt 00:01:35]} 35. Kh2
{[%clk 00:58:07]} {[%emt 00:00:10]} Qf2+ {[%clk 00:13:51]} {[%emt 00:00:11]} 36.
Kh3 {[%clk 00:58:22]} {[%emt 00:00:15]} Qf3+ {[%clk 00:12:39]} {[%emt
00:01:41]} 1/2-1/2